000
00325pab a2200145 454500
008
180718b2004 xxu||||| |||| 00| 0 eng d
100
_a
Singh, Prakash
245
_a
Police reforms' raison d'etre
260
_c
2004
300
_a
p.99-108.
362
_a
Jul-Sep
650
_a
Police
773
_a
Dialogue
909
_a
62891
999
_c
62891
_d
62891